000 00715nam a2200205 i 4500
001 80823
003 ES-MaACL
005 20250822162342.0
007 t|
008 041029s1954 sp ||||1| spa d
100 1 _aHopper, Hedda Elda.
_964179
245 1 0 _aLo sé de muy buena tinta
_b: (gentes y chismes de Hollywood y de otras partes) /
_cHedda Hopkins ; traducción del inglés y prólogo de Domingo Manfredi Cano.
260 _aMadrid :
_bAguilar,
_c1954 (
_fYagües)
300 _a395 p. ;
_c20 cm.
490 1 _aColección literaria
700 1 _aManfredi Cano, Domingo,
_d1918-1998
_975997
830 0 _aColección literaria
_9179831
852 _aES-MaACL
_jC-8775
_bR.36690
999 _c80823
_d80823